书目信息 |
| 题名: |
电工学原理及应用
|
|
| 作者: | 汉伯雷 著 ;熊兰 编译 | |
| 分册: | ||
| 出版信息: | 北京 机械工业出版社 2010.03 |
|
| 页数: | 349页 | |
| 开本: | 26cm | |
| 丛书名: | 电子与电气工程丛书 | |
| 单 册: | ||
| 中图分类: | TM | |
| 科图分类: | ||
| 主题词: | 电气工程 | |
| 电子资源: | ||
| ISBN: | 978-7-111-29336-1 | |
| 000 | 01080nam 2200277 450 | |
| 001 | 004615254 | |
| 005 | 20100806163208.68 | |
| 010 | @a978-7-111-29336-1@dCNY59.00 | |
| 100 | @a20100515d2010 em y0chiy50 ea | |
| 101 | 1 | @achi@ceng |
| 102 | @aCN@b110000 | |
| 105 | @aa z 000yy | |
| 200 | 1 | @a电工学原理及应用@Adian gong xue yuan li ji ying yong@d= Electrical engineering: principles and application@f(美) 汉伯利著@F(mei)han bo li zhu@g熊兰等编译@zeng |
| 210 | @a北京@c机械工业出版社@d2010.03 | |
| 215 | @a349页@c图@d26cm | |
| 225 | 2 | @a电子与电气工程丛书 |
| 305 | @a据原书第4版·本科教学版译出 | |
| 330 | @a本书内容包括:基本电路的分析和测量、一阶电路的暂态响应、交流稳态电路、数字逻辑电路、二极管电路、放大电路、场效应管和双极结型晶体管(三极管)电路、运算放大器等。 | |
| 410 | 0 | @12001 @a电子与电气工程丛书 |
| 500 | 10 | @aElectrical engineering: principles and application@mChi |
| 606 | 0 | @a电气工程 |
| 690 | @aTM@v4 | |
| 701 | 1 | @a汉伯雷@Ahan bo lei@g(Hambley, Allan R.)@4著 |
| 702 | 0 | @a熊兰@4编译@Axiong lan |
| 801 | 0 | @aCN@c20100515 |
| 905 | @dTM@eH114@f5 | |
| 电工学原理及应用= Electrical engineering: principles and application/(美) 汉伯利著/熊兰等编译.-北京:机械工业出版社,2010.03 |
| 349页:图;26cm.-(电子与电气工程丛书) |
| ISBN 978-7-111-29336-1:CNY59.00 |
| 本书内容包括:基本电路的分析和测量、一阶电路的暂态响应、交流稳态电路、数字逻辑电路、二极管电路、放大电路、场效应管和双极结型晶体管(三极管)电路、运算放大器等。 |
| ● |
| 相关链接 |
|
|
|
正题名:电工学原理及应用
索取号:TM/H114
 
预约/预借
| 序号 | 登录号 | 条形码 | 馆藏地/架位号 | 状态 | 备注 |
| 1 | 998913 | 209989137 | 期刊室512/301自科库 1排1列3层/ [索取号:TM/H114] | 在馆 | |
| 2 | 998914 | 209989146 | 自科库301/301自科库 1排2列2层/ [索取号:TM/H114] | 在馆 | |
| 3 | 998915 | 209989155 | 期刊室512/301自科库 1排1列3层/ [索取号:TM/H114] | 在馆 | |
| 4 | 998916 | 209989164 | 期刊室512/301自科库 1排1列3层/ [索取号:TM/H114] | 在馆 | |
| 5 | 998917 | 209989173 | 自科库301/301自科库 1排2列2层/ [索取号:TM/H114] | 在馆 |